000 00729cam a2200253 4500
001 16478
003 BD-RjUL
005 20211209000020.0
008 140213r19601959nyua b 000 0 eng d
035 _a(OCoLC)ocm00654932
035 _a(BD-RjUL)
035 _a(NNC)1718978
040 _aWAL
_cWAL
_dOCL
_dUKM
_dZCU
_beng
041 _aeng
082 0 4 _a701.17
_218
_bWEP 1960
100 1 _aWeitz, Morris,
_950944
245 1 0 _aProblems in aesthetics :
_ban introductory book of readings /
_cMorris Weitz.
260 _aNew York,
_bMacmillan
_cc1959 [Printing 1960]
300 _aix, 697 p. :
_bill.;
_c24 cm.
504 _aIncludes bibliography.
650 0 _aAesthetics.
_950945
942 _2ddc
_cRAR
999 _c16478
_d16478